Craig Morgan Charting Songs (Billboard Hot 100) - Statistics

General Stats
  • This quiz has been taken 5 times
  • The average score is 5 of 12
Answer Stats
Album Weeks On Peak Artist(s) Song % Correct
I Love It 14 Weeks #59 Craig Morgan Almost Home
60%
Little Bit of Life 18 Weeks #67 Craig Morgan International Harvester
60%
Little Bit of Life 13 Weeks #75 Craig Morgan Little Bit of Life
60%
My Kind of Livin' 19 Weeks #45 Craig Morgan Redneck Yacht Club
60%
My Kind of Livin' 20 Weeks #51 Craig Morgan That's What I Love About Sunday
60%
This Ole Boy 9 Weeks #87 Craig Morgan This Ole Boy
60%
That's Why 14 Weeks #57 Craig Morgan Bonfire
40%
That's Why 13 Weeks #83 Craig Morgan This Ain't Nothin'
40%
The Journey (Livin' Hits) 2 Weeks #99 Craig Morgan Wake Up Lovin' You
40%
My Kind of Livin' 4 Weeks #92 Craig Morgan I Got You
20%
That's Why 9 Weeks #73 Craig Morgan Love Remembers
20%
Little Bit of Life 8 Weeks #76 Craig Morgan Tough
20%
No matching quizzes found
Score Distribution
Percent of People with Each Score
Percentile by Number Answered
Your Score History
You have not taken this quiz